000 00334nam a22001457a 4500
003 OSt
005 20260418161954.0
008 260418b |||||||| |||| 00| 0 eng d
020 _a-
040 _cALUPE UNIVERSITY
050 _aML128
_b.M87 1949
245 _aA Dictionary of MUSICAL THEMES
260 _cc1949.
942 _2lcc
_cREF
_nCM
999 _c6055
_d6055